000 00705nam a2200205 a 4500
005 20210223122335.0
008 991125s1977 mx 000 0 spa u
035 _aUPN01000033768
049 _aCG
050 4 _aBX8070 L5
_bL8.28
100 1 _aLutero, Martín,
_d1483-1546
245 1 2 _aA la nobleza cristiana de la nación alemana, sobre el mejoramiento del estado de los cristianos /
_cMartín Lutero ; tr. Marianne O. de Bopp.
260 _aMéxico :
_bUNAM,
_c1977.
300 _a138 p.
440 0 _aOpúsculos ;
_v89.
_pFuentes y documentos
650 4 _aCRISTIANISMO -
_xLITERATURA DE CONTROVERSIA
_911501
650 4 _aIGLESIA LUTERANA
651 4 _aALEMANIA -
_xRELIGION
_91794
905 _aLibro
999 _c33768
_d33768